00659nam a22001817a 450000500170000001000150001702000270003203500140005903700130007308200140008610000160010024501900011625000120030626000300031827000830034830000270043150000190045820161123121608.0 aENG-116617 a9789351436706c1995.00 aEN-100149 bDBAD/PUB a346.54066 aIyer L.V.V. aGuide to company directors :bpower, rights, duties, liabilities, corporate social responsibilities and company precedents a treatise under companies act 2013 & 1956 / cby L.V.V. Iyer a4th ed. aGurgaonbLexisNexisc2016 a14th Floor, Building No.10, Tower-B, DLF Cyber City, Phase-IIbGurgaone122002 acIix,1286p.c22cm(pbk) aIncludes index